Tâm hồn tôi; Là bước sang ngang; Mười hai bến nước

Đây là một trong các tuyển tập của bộ sách về thơ mới. Đầu những năm 30 của thế kỷ XX, trong văn hóa Việt Nam xuất hiện một loạt nhà thơ mới, với cá tính sáng tác độc đáo cùng những tác phẩm đặc sắc. Đó là phong trào thơ mới, một d...

Descripción completa

Guardado en:
Detalles Bibliográficos
Autor principal: Nguyễn Bính (1918 - 20/01/1966)
Formato: Libro
Lenguaje:Undetermined
Publicado: Hà Nội Hội Nhà Văn 1995
Materias:
Etiquetas: Agregar Etiqueta
Sin Etiquetas, Sea el primero en etiquetar este registro!
Thư viện lưu trữ: Trung tâm Học liệu Trường Đại học Cần Thơ
LEADER 01192nam a2200181Ia 4500
001 CTU_22397
008 210402s9999 xx 000 0 und d
082 |a 895.922131 
082 |b B312 
100 |a Nguyễn Bính (1918 - 20/01/1966) 
245 0 |a Tâm hồn tôi; Là bước sang ngang; Mười hai bến nước 
245 0 |c Nguyễn Bính (1918 - 20/01/1966) 
260 |a Hà Nội 
260 |b Hội Nhà Văn 
260 |c 1995 
520 |a Đây là một trong các tuyển tập của bộ sách về thơ mới. Đầu những năm 30 của thế kỷ XX, trong văn hóa Việt Nam xuất hiện một loạt nhà thơ mới, với cá tính sáng tác độc đáo cùng những tác phẩm đặc sắc. Đó là phong trào thơ mới, một dấu son đậm trong thời kỳ phát triển của thơ ca và văn học tiếng Việt, và cũng là một trong những thành tựu của văn học Việt Nam 
650 |a vietnamese poetry - 1930-1945,vietnamese poetry - 20th century 
980 |a Trung tâm Học liệu Trường Đại học Cần Thơ